Zur Etymologie von čech. Sázava

Elmentve itt :
Bibliográfiai részletek
Szerző: Melich János
Dokumentumtípus: Cikk
Megjelent: 1929
Sorozat:Archiv für slavische Philologie
Kulcsszavak:Cseh nyelv - etimológia
Tárgyszavak:
Online Access:http://misc.bibl.u-szeged.hu/61056
LEADER 00712nab a2200217 i 4500
001 misc61056
005 20241004143733.0
008 220719s1929 hu o 000 ger d
040 |a SZTE Miscellanea Repozitórium  |b hun 
041 |a ger 
100 1 |a Melich János 
245 1 4 |a Zur Etymologie von čech. Sázava  |h [elektronikus dokumentum] /  |c  Melich János 
260 |c 1929 
300 |a p. 157-159.  |c 23 cm 
490 0 |a Archiv für slavische Philologie 
561 |a Németh Gyula hagyaték 
591 |a NOV 3547 
650 4 |a Bölcsészettudományok 
650 4 |a Nyelvek és irodalom 
695 |a Cseh nyelv - etimológia 
856 4 0 |u http://misc.bibl.u-szeged.hu/61056/1/3547_nov_m52.pdf  |z Dokumentum-elérés